000 00384nam a2200133Ia 4500
008 171212s9999 xx 000 0 und d
020 _a9781910634530
100 _aCosta, Elisabetta
245 _cCosta, Elisabetta
_aSocial Media in Southeast Turkey
260 _bUCL Press
_c2016
440 _aWhy We Post
650 _aAnthropology
856 _uhttp://jstor.org/stable/j.ctt1g69z14
999 _c352889
_d352889